000 00681nam a2200241 i 4500
001 C2-0261299
003 PPAK
005 20180727230815.0
008 041214s1971 my |||| ||||| | may d
040 _aPPAK
_beng
_cPPAK
_erda
082 0 4 _a899.282
_223
090 0 0 _a899.282
_bKAL
_dKAR
090 0 0 _a899.282
_bKAL
_dKIH
100 0 _aKala Dewata,
_eauthor
245 1 0 _aAtap genting atap rembia :
_bsa-buah chetrawara tiga babak
264 1 _aKuala Lumpur :
_bDewan Bahasa dan Pustaka ,
_c1971
300 _a115 pages ;
_c19 cm
336 _2rdacontent
_atext
337 _2rdamedia
_aunmediated
338 _2rdacarrier
_avolume
650 1 0 _aMalay drama
942 _ddc
_cB
999 _c72000
_d72000